Monica, (Record no. 1750)

MARC details
000 -LEADER
fixed length control field 00791cam a22002051 4500
001 - CONTROL NUMBER
control field af 47002491
003 - CONTROL NUMBER IDENTIFIER
control field DLC
005 - DATE AND TIME OF LATEST TRANSACTION
control field 20260227110814.0
008 - FIXED-LENGTH DATA ELEMENTS--GENERAL INFORMATION
fixed length control field 890429s1944 be a 000 1 dut c
010 ## - LIBRARY OF CONGRESS CONTROL NUMBER
LC control number af 47002491
035 ## - SYSTEM CONTROL NUMBER
System control number (OCoLC)19623517
040 ## - CATALOGING SOURCE
Original cataloging agency New York. Public Library
Transcribing agency CU
Modifying agency DLC
042 ## - AUTHENTICATION CODE
Authentication code premarc
050 00 - LIBRARY OF CONGRESS CALL NUMBER
Classification number PT6418.C4
Item number R5 1944
100 1# - MAIN ENTRY--PERSONAL NAME
Personal name Crick, Jef,
Dates associated with a name 1890-
245 10 - TITLE STATEMENT
Title Monica,
Remainder of title roman uit de 16e eeuw ...
Statement of responsibility, etc. Houtsneden van Victor Stuyvaert. Nieuwe herwerkte uitgave.
260 ## - PUBLICATION, DISTRIBUTION, ETC.
Place of publication, distribution, etc. Kapellen-Antwerpen,
Name of publisher, distributor, etc. Boekuil-& Karveel-uitgaven,
Date of publication, distribution, etc. 1944.
300 ## - PHYSICAL DESCRIPTION
Extent 260 p., 2 l.
Other physical details illus.
Dimensions 23 cm.
500 ## - GENERAL NOTE
General note "Deze roman werd, onder zijn oorspronkelijken titel 'De ridder van het slot van Laerne', met den Barbier-prijs bekroond door de Kon. vlaamsche akademie."--Voorwoord.

No items available.

Powered by Koha